[Event "EU-ch 6th"]
[Site "Warsaw"]
[Date "2005.06.21"]
[Round "4"]
[White "Volkov, Sergey"]
[Black "Guseinov, Gadir"]
[Result "1-0"]
[WhiteElo "2634"]
[BlackElo "2573"]
[Annotator "Avrukh,B"]
[PlyCount "119"]
[EventDate "2005.06.18"]
[EventType "swiss"]
[EventRounds "13"]
[EventCountry "POL"]
[SourceTitle "CBM 108"]
[Source "ChessBase"]
[SourceDate "2005.09.26"]
[SourceVersion "1"]
[SourceVersionDate "2005.09.26"]
[SourceQuality "1"]

1. d4 Nf6 2. c4 g6 3. Nc3 Bg7 4. e4 d6 5. Be2 O-O 6. Nf3 Bg4 {Actually this is
a pet line of Gadir Guseinov, which I assess as favouring White (maybe because
I have managed to score 2 wins against Gadir in this variation:)).} 7. Be3 Nfd7
8. Rc1 ({The alternative} 8. d5 {looks like the most fashionable move nowadays.
}) 8... a6 9. b4 $5 c5 10. bxc5 dxc5 11. d5 b5 12. cxb5 $146 {An interesting
novelty, which promises White slightly better chances.} ({Previously White has
tried} 12. O-O Qa5 13. Bd2 (13. Qb3 Bxf3 14. gxf3 bxc4 15. Qb7 (15. Qxc4 $5)
15... Nb6 16. Na4 Qxa4 17. Qxb6 c3 18. Qxc5 Re8 $13 {0-1 Chuchelov,V-Guseinov,
G/Istanbul 2003/CBM 096 (43)}) 13... b4 14. Na4 Nf6 (14... Ne5 $5) 15. e5 Ne4
16. Be3 Bd7 17. Qc2 Qxa4 18. Qxe4 Bf5 19. Qh4 Qxa2 20. Rfe1 $40 {1-0 Huss,
A-Terreaux,G/Biel 1997/CBM 060 ext (37)}) 12... axb5 ({After} 12... Qa5 {
White can choose between} 13. Qb3 {trying to hold extra pawn} ({and} 13. Bd2 {
or} axb5 14. Nxb5 {which actually leads to the game.}) 13... axb5 14. Bxb5) 13.
Nxb5 Qa5+ ({The alternative would be} 13... Rxa2 14. O-O {and Black still has
some difficulties, becuase of his N, which is badly placed on b8.} {Also the
natural} Na6 {runs into} (14... Qa5 $142) 15. Na7 $1 {[%cal Ga7c6]} Ne5 16. Rc2
$1 Rxc2 17. Qxc2 {[%csl Ga6,Gc5]}) 14. Bd2 Qa4 $2 {This is already a serious
mistake, which leads to much favourable position for White.} ({The right move
would be} 14... Qxa2 $142 15. O-O Na6 {with decent play, though I would
definitely prefer White's position after} (15... Qa4 16. Bg5 {[%csl Ge7]}) 16.
Bc4 Qb2 17. Rb1 Bxf3 18. gxf3 Qf6 19. f4 $1 {[%csl Ge5]}) 15. a3 $1 {A very
strong reply, probably underestimated by Black. Now Black has to take e4-pawn
and his queen falls under attack.} Qxe4 16. Rc4 $1 {The point} Qf5 17. Rf4 $1 (
{Calmly avoiding unnecessary complications after} 17. Nh4 Bxe2 18. Nxf5 Bxc4 $1
(18... Bxd1 19. Nxe7+ Kh8 20. Kxd1 $16) 19. Nxe7+ Kh8 20. Nd6 Bd3 {[%csl Ge1]})
17... Qh5 $8 18. h3 Bxf3 19. Rxf3 ({Less clear is} 19. Bxf3 Qe5+ 20. Re4 Qb2 {
[%csl Gb5]}) 19... Qxd5 $6 {Black decides to run away with his queen from
dangerous zone, sacrificing an exchange. Unfortuantely this doesn't promise
him sufficient compensation.} ({It would be better to play} 19... Qe5 $142 20.
Re3 Qf6 {though White has a clear edge here} 21. O-O (21. Bc3 Qh4 22. Bxg7 Kxg7
23. O-O Na6 24. Bf3 $16) 21... Nb6 (21... Na6 22. Bc3 Qh4 23. g3 $18 {[%csl
Ge7]}) 22. Bc3 Qg5 23. Bxg7 Kxg7 24. Re1 {and Black has serious problems with
his e7-pawn.}) 20. Nc7 Qb7 21. Nxa8 Qxa8 22. O-O $16 Nc6 23. Re3 $1 {
Accurately played, White's rook is placed here perfectly, at the same time the
idea is 24 Bf3.} Nd4 $2 {This leads to total disaster.} ({Black should have
played} 23... e6 $142 24. Bf3 Nde5 25. Bxc6 $1 (25. Bc3 Nxf3+ 26. Qxf3 Nd4 27.
Qxa8 Rxa8 {and Black keeps some chances for survival.}) 25... Nxc6 26. Qc2 Rc8
27. Rb1 Nd4 28. Qc4 {and White should convert his material advantage without
any special difficulties.}) 24. Rxe7 Ne5 {The best tactical solution.} 25. Bh6
$1 Bxh6 26. Rxe5 Qxa3 (26... Nxe2+ 27. Qxe2 Qxa3 28. Qc4 $18) 27. Bc4 {[%csl
Gf7] Black could be satisfied with his position, if there wasn't the decisive
weakness of f7-pawn.} Bg7 28. Re7 Bf6 29. Rb7 (29. Rd7 {also fine}) 29... Qc3 (
{Maybe it would take longer to win the f7-pawn after} 29... Kg7 30. Re1) 30.
Qa4 Kg7 ({The endgame after} 30... Qc2 31. Qxc2 Nxc2 32. Rc1 Nd4 33. Rc7 {
is absolutely hopeless for Black.}) 31. Qa2 Nf5 32. Rxf7+ $18 {Actually the
rest doesn't require any special comments, White should win easliy.} Rxf7 33.
Bxf7 Bd4 34. Qb3 $1 {The best practical decision.} Qxb3 35. Bxb3 Nd6 36. Rc1 {
[%csl Gc4]} Kf6 37. Rc2 g5 38. g3 h5 39. Kg2 h4 40. gxh4 gxh4 41. Kf3 Nb5 42.
Rc1 Nd6 43. Rd1 Kf5 44. Rg1 c4 45. Rg4 Ke5 46. Bc2 c3 47. Rxh4 Nc4 48. Rh5+ Kf6
49. Ke4 Be5 50. Kd5 Nb6+ 51. Kc5 Nd7+ 52. Kc6 Nb8+ 53. Kd5 Bh2 54. Rf5+ Ke7 55.
Kd4 Nc6+ 56. Kxc3 Ke6 57. Rh5 Ne7 58. Kd2 Kf6 59. Ke3 Be5 60. Be4 1-0

[Event "Tata Steel-A 76th"]
[Site "Wijk aan Zee"]
[Date "2014.01.15"]
[Round "4"]
[White "Gelfand, Boris"]
[Black "Naiditsch, Arkadij"]
[Result "1/2-1/2"]
[WhiteElo "2777"]
[BlackElo "2718"]
[Annotator "Krasenkow,M"]
[PlyCount "59"]
[EventDate "2014.01.11"]
[EventType "tourn"]
[EventRounds "11"]
[EventCountry "NED"]
[EventCategory "20"]
[SourceTitle "CBM 159"]
[Source "ChessBase"]
[SourceDate "2014.03.17"]
[SourceVersion "1"]
[SourceVersionDate "2014.03.17"]
[SourceQuality "1"]

1. d4 Nf6 2. c4 g6 3. Nc3 Bg7 4. e4 d6 5. Be2 O-O 6. Bg5 Na6 7. Nf3 h6 8. Be3
e5 9. O-O Ng4 10. Bc1 {About this line: see annotations by GM M.Pavlovic to
Gelfand - Grischuk in CBM 156. In my opinion, the manoeuvres of White's bishop
(without even forcing something like ...f7-f6) are rather dubious.} exd4 {
Other moves seen in practice:} (10... c6) (10... Qe8) ({even} 10... Nf6 {
is possible, when we reach the E94 system (7...Na6) with an extra tempo for
Black (...h7-h6).}) 11. Nxd4 Qf6 (11... Qh4 12. h3 Ne5 13. Be3 Nc5 14. Ndb5 Ne6
15. f4 a6 16. Nxc7 Nxc7 17. fxe5 Bxe5 18. Qd2 Ne6 19. Rad1 Qg3 20. Rf3 Qh2+ 21.
Kf1 {1-0 (51) Pascual Perez,N (2319)-Volkov,A (2259) Lechenicher SchachServer
2011} Ng5 $5 22. Bxg5 hxg5 23. Qxg5 Be6 $44 {[%csl Ge5,Rf1]}) 12. Nb3 (12. Ndb5
Qh4 13. Bf4 Be5 14. Bxe5 dxe5 15. h3 Nf6 16. Qc2 Rd8 17. Rfd1 Be6 $13 {1/2 (29)
Hentze,H-Freytag,W www.desc-online.de 2003}) 12... Qh4 13. Bf4 (13. h3 $5 Nf6
$5 14. Nd2 Nd7 15. Nf3 Qe7 16. Nd5 $140 Qd8 {[%cal Yc7c6]}) 13... Be5 (13...
Bxc3 $6 14. Bg3 Qe7 15. bxc3 Nf6 16. Re1 Re8 17. f3 b6 18. Qd2 Kg7 19. Bf4 Rh8
20. Qd4 Nb8 21. e5 $1 dxe5 22. Qxe5 Qxe5 23. Bxe5 c5 24. f4 Bb7 25. Rad1 $16 {
[%csl Ge5][%cal Gd1d8,Ge1e8] 1-0 (55) Fages,J (2213)-Kund,W (2212) Lechenicher
SchachServer 2010}) 14. Bxe5 dxe5 15. h3 Nf6 {Black easily develops his pieces
and has no problems. His a6-knight always threatens to enter the game so White
soon decides to get rid of it.} 16. Nd2 Rd8 17. Nd5 Nxd5 18. cxd5 c6 $1 19. Re1
cxd5 20. Bxa6 bxa6 21. Nf3 Qf6 22. exd5 Rb8 23. Qd2 (23. b3 Bb7 24. Nxe5 Rxd5
25. Ng4 Qd6 $11 26. Nxh6+ $2 Kg7 27. Qc1 Rd2 28. Ng4 Rc8) 23... e4 24. Rxe4
Qxb2 25. Rd1 Qxd2 26. Rxd2 Rb5 {Black's double pawns on the a-file are not too
valuable but his strong bishop gives him good compensation.} 27. d6 Bb7 28.
Red4 Bxf3 29. gxf3 Rd7 30. f4 1/2-1/2

[Event "Poikovsky Karpov 15th"]
[Site "Poikovsky"]
[Date "2014.05.20"]
[Round "9"]
[White "Eljanov, Pavel"]
[Black "Morozevich, Alexander"]
[Result "1/2-1/2"]
[WhiteElo "2732"]
[BlackElo "2719"]
[Annotator "Szabo,Kr"]
[PlyCount "112"]
[EventDate "2014.05.11"]
[EventType "tourn"]
[EventRounds "9"]
[EventCountry "RUS"]
[EventCategory "18"]
[SourceTitle "CBM 161"]
[Source "ChessBase"]
[SourceDate "2014.07.16"]
[SourceVersion "1"]
[SourceVersionDate "2014.07.16"]
[SourceQuality "1"]

1. Nf3 Nf6 2. c4 g6 3. Nc3 Bg7 4. e4 d6 5. d4 O-O 6. Be2 c5 {This move is not
so popular as 6...e5, but a lot of strong players use it too.} 7. O-O (7. d5 {
is the other main line.}) 7... Re8 {A rare move.} (7... cxd4) ({and} 7... Nc6 {
are more common lines.}) 8. Be3 Ng4 9. Bg5 h6 10. Bc1 (10. Bh4 {has also been
tried.}) 10... Nf6 11. h3 cxd4 12. Nxd4 b6 $146 (12... Nbd7 13. Be3 b6 14. Qd2
Kh7 15. Bd1 $5 (15. Nc6 {was also strong} Qc7 16. Nb4 $14 {followed by Nbd5
with a comfortable position for White}) 15... Bb7 16. Bc2 Rc8 17. b3 a6 18.
Rac1 Qc7 19. Bb1 Qb8 20. Rfd1 Ba8 21. f3 e6 22. Bf2 $14 {Landa-Maze, Viernheim
2014.}) 13. Be3 ({In case of} 13. Bf3 Bb7 14. e5 Bxf3 15. Qxf3 dxe5 16. Qxa8
exd4 $44 {and Black has a good compensation for the exchange.}) 13... Bb7 14.
Qd2 h5 (14... Nxe4 {was also possible, but} 15. Nxe4 Bxe4 16. Bxh6 Bh8 (16...
Bf6 17. Rad1 $14) 17. Rae1 (17. Qe3 Bb7 18. f4 e6 $13 {with a double-edged
fight}) 17... Nc6 (17... Nd7 18. Bd1 Bb7 19. f4 $40 {with a strong attack}) 18.
Nb5 {and White looks nicely placed.}) 15. f3 Nbd7 16. Rf2 a6 17. g4 $5 {
An interesting idea, suddenly White starts to attack on the kingside. Now we
can understand White's prevoius move.} e6 {Black ignores White's attack,
because his kingside is protected and he is preparing for ...d5.} 18. g5 ({
The engine suggests} 18. Nb3 Qc7 (18... d5 $2 {does not work, because of} 19.
cxd5 exd5 20. g5 $16 {and White is better}) 19. g5 Nh7 20. Rd1 Bf8 $13 {
with an unclear middlegame.}) 18... Nh7 19. Rg2 Qe7 20. Nc2 d5 {Finally
Morozevich doesn't waste his time on the breakthrough and he plays d5. White's
kingisde is opened, but of course this move is risky for Black too.} 21. exd5 (
{The natural} 21. cxd5 $1 {was stronger} Bxc3 (21... exd5 22. Nxd5 Bxd5 23.
Qxd5 $14 {and White is slightly better}) 22. bxc3 exd5 23. exd5 {followed by
c4. White's chances are better.}) 21... exd5 22. Rd1 Rac8 (22... Rad8 $5) 23.
Nxd5 Bxd5 24. Qxd5 Nc5 {Black is a P down, but his pieces are active and White
has some weaknesses, so his compensation is indisputable.} 25. f4 Ne4 {The
human reply. Morozevich plays actively and he tries to create threats in
White's position.} ({The computer suggests the greedy} 25... Bxb2) ({or} 25...
Rcd8 {was also fine} 26. Qc6 Rxd1+ 27. Bxd1 Nd3 28. Re2 Nf8 $13 {with a
completely unclear lines.}) 26. Qd7 (26. Bxb6 Bxb2 27. Re1 Bc3 $13) 26... Bxb2
$6 (26... Qxd7 $1 {was more accurate} 27. Rxd7 Bxb2 28. Bf1 Nc5 {and Black
hasn't got any problem.}) 27. Qxe7 Rxe7 28. Bf1 b5 29. cxb5 Nc3 30. Rd3 Nxb5
31. a4 Nc3 (31... Nc7 32. a5 $14) 32. a5 $16 {White has two Bs and the
position is opened, moreover the a6 P is weak. Black's h7 N is out of play too,
so White has a promising position.} Na4 33. Rb3 Bg7 34. f5 $6 (34. Bxa6 $1 {
was better to accept the P,} Ra8 35. Ra3 $1 {This is the point!} Rxa6 36. Rxa4
$16 {and White is a healthy P up.}) 34... Nc5 35. Rb6 Rxe3 $6 {Objectively
this is not a correct sacrifice, but in a practical game, like in this game
too, this type of sacrifice has a agood chance of success.} (35... gxf5 36. g6
Nf8 37. Bc4 Nce6 38. gxf7+ Kxf7 39. Bxa6 Rc3 {and White should be slightly
better, but Black has also some practical chances.}) 36. Nxe3 Bd4 37. Bxa6 $2 {
An unexpected blunder, White simply gives up his N.} ({The natural} 37. Re2 $1
{was the correct reply} Re8 (37... Nxg5 38. fxg6 $16) 38. fxg6 Nxg5 (38...
Bxe3+ 39. Kg2 fxg6 40. h4 $16 {followed by Kf3 and White is better}) 39. Kg2
Bxe3 40. h4 Nd3 41. Rf6 Re5 $1 42. Rxe3 Rxe3 43. hxg5 fxg6 44. Rxg6+ Kh7 45.
Rxa6 {was a typical computer line. Probably Black will level this endgame.})
37... Bxe3+ 38. Kf1 Nxa6 39. Rxa6 gxf5 $15 {Now White has to fight for the
draw.} 40. g6 Nf8 41. gxf7+ Kxf7 42. Rb2 Ne6 43. Ke2 Bc5 44. Rb1 Kf6 45. Kf3
Rd8 46. Rc6 Rd3+ 47. Ke2 Rxh3 (47... Re3+ 48. Kd2 Rxh3 $17) 48. Rb5 Re3+ 49.
Kf1 Rf3+ 50. Kg2 Rf2+ 51. Kh1 Be3 (51... Bd4 $1 $17) 52. Rb8 Re2 53. Rf8+ Ke7
$2 {Error. After this move the game becomes immediately drawish.} (53... Kg7 $1
{was the only move} 54. Rxf5 Nd4 55. Rc7+ Kg6 $17 {and still Black is better.})
54. Rxf5 Nd4 55. Re5+ Kd7 56. Rc4 Re1+ {and a draw. What a great battle!}
1/2-1/2